Predicting distribution of Hevea brasiliensis through ecological niche modelling with climate, soil, topography and socioeconomic factors (Record no. 65458)

MARC details
000 -LEADER
fixed length control field 00655nam a2200181Ia 4500
100 ## - MAIN ENTRY--AUTHOR NAME
Personal name Ray D
245 #0 - TITLE STATEMENT
Title Predicting distribution of Hevea brasiliensis through ecological niche modelling with climate, soil, topography and socioeconomic factors
260 ## - PUBLICATION, DISTRIBUTION, ETC. (IMPRINT)
Name of publisher IRRDB International Rubber Conference & Annual Meetings, 2-6 November 2015, Rubber Research Institute of Vietnam, Ho Chi Minh City, Vietnam.
650 ## - SUBJECT ADDED ENTRY--TOPICAL TERM
Topical Term Climate
650 ## - SUBJECT ADDED ENTRY--TOPICAL TERM
Topical Term Ecological niche modelling
650 ## - SUBJECT ADDED ENTRY--TOPICAL TERM
Topical Term Soil
650 ## - SUBJECT ADDED ENTRY--TOPICAL TERM
Topical Term Topography
700 ## - ADDED ENTRY--PERSONAL NAME
Personal name Behera M.D
700 ## - ADDED ENTRY--PERSONAL NAME
Personal name Jacob J
856 ## - ELECTRONIC LOCATION AND ACCESS
Uniform Resource Identifier Details only
942 ## - ADDED ENTRY ELEMENTS (KOHA)
Koha item type Journals
Holdings
Withdrawn status Lost status Damaged status Not for loan Home library Current library Shelving location Date acquired Koha item type
      Journals RRII Library RRII Library Climate change 01/01/2020 Journals